Zwangsmigration und Integration der Sudetendeutschen im Überblick
| Titel: | Zwangsmigration und Integration der Sudetendeutschen im Überblick |
|---|---|
| Verfasser: | |
| In: |
Frankenland, Band 56 (2004), Seite 1-8 alle Artikel anzeigen |
| Veröffentlicht: | 2004 |
| Format: | Aufsatz |
| Sprache: | Deutsch |
| Hinweise zum Inhalt: |
zusätzliche Angaben
|
X
alg: 39254857 001A $01999:11-11-16 001B $01999:06-04-21 $t20:50:44.000 001C $06050:19-11-16 $t09:15:49.000 001D $01999:11-11-16 001U $0utf8 001X $00 002@ $0Aox 003@ $0392548577 007A $0392548577 $aHEB 007T $0Herdc0049737m 009P $A2 $3zusätzliche Angaben $uhttp://frankenland.franconica.uni-wuerzburg.de/login/data/2004%5F0.pdf#view=FitBV 010@ $ager 011@ $a2004 021A $aZwangsmigration und Integration der Sudetendeutschen im Überblick 028A $aFranzen $dK. Erik 031A $d56 $h1-8 $j2004 039B $aIn $8--Abvc--. Frankenland. - Würzburg : Frankenbund, 1914-. - ISSN 0015-9905 $x200400000560000999 $9047701935 045F $a900.9437109043 $eDDC23BSB 045F/01 $a900 045F/03 $f09043 045F/03 $f09044 045F/03 $g4371 045T $a8,1 $a9,10 lok: 39254857 78 exp: 39254857 78 1 #EPN 201B/01 $026-11-17 $t01:11:53.000 201U/01 $0utf8 203@/01 $0788646605 208@/01 $a11-11-16 $be 209A/01 $a/ $f000 $x00 220C/01 $aTitelaufnehmer: pg 220C/01 $aHerkunft: HI Marburg 244Z/01 $#Tschechien $#Tschechische Republik $#Tschechische Republik $#Tschechenland $#Tschechei Tschechien $#Česká Republika $#Czech Republic $#ČR $74303381-7 $8--Tg1--Tschechien $x01 $9086659812 244Z/01 $2Trx $#Böhmen $#Bohemia $#Czechy $8--Trx--Čechy $x02 $9391188941 244Z/01 $aGeschichte 1938-1946 $x03 244Z/01 $2Trx $#pagendamine ümberasustamine 1938-1950 $#perkėlimai iškėlimai 1938-1950 $#expulsion resettlement 1938-1950 $#ethnic cleansing $#kiűzés áttelepítés 1938-1950 $#przesiedlenia wysiedlenia 1938-1950 $#odsun presídlenie 1938-1950 $#odsun přesídlení 1938-1950 $#Umsiedlung 1938-1950 $#wysiedlenia $#presídlenie 1938-1950 $8--Trx--Vertreibung$xUmsiedlung$g1938-1950 $x04 $9391362763 244Z/01 $2Trx $#põgenemine 1945 $#pabėgimas 1945 $#flight 1945 $#menekülés 1945 $#ucieczka 1945 $#úteky 1945 $#útěk 1945 $8--Trx--Flucht$g1945 $x05 $9391380125 244Z/01 $2Trx $#sudeedisakslased $#Sudetų vokiečiai $#Sudeto-Germans $#szudéta német $#Niemcy Sudeccy $#Nemci sudetskí $#Němci sudetští $8--Trx--Sudetendeutsche $x06 $9391356666 244Z/01 $2Trx $#Beneši dekreet $#Benešo dekretai 1940-1945 $#Benes-decrees 1940-1945 $#Beneš-dekrétumok 1940-1945 $#dekrety Benesza 1940-1945 $#Benešove dekréty 1940-1945 $#Benešovy dekrety 1940-1945 $#dekréty Benešove $8--Trx--Beneš-Dekrete$g1940-1945 $x07 $9391368435 244Z/01 $2Trx $8--Trx--Zeitschriftenaufsatz $x08 $9391384341 244Z/01 $2Trx $8--Trx--elektronische Ressource $x09 $939138452X 245Z/01 $a06.04.03 $x01 247C/01 $82080>Marburg/Lahn, Herder-Institut, Forschungsbibliothek, Bibliographieportal $9336309341
| LEADER | 00000caa a22000002c 4500 | ||
|---|---|---|---|
| 001 | 392548577 | ||
| 003 | DE-603 | ||
| 005 | 20210406205044.0 | ||
| 007 | tu | ||
| 008 | 161111s2004 xx |||| | u00||u|ger c | ||
| 035 | |a (DE-599)HEB392548577 | ||
| 040 | |a DE-603 |b ger |c DE-603 |d DE-603 | ||
| 041 | |a ger | ||
| 082 | 0 | 4 | |8 1\u |a 900.9437109043 |q DE-101 |2 23/BSB |
| 084 | |a 8,1 |a 9,10 |2 ssgn | ||
| 085 | |8 1\u |b 900 | ||
| 085 | |8 1\u |z 1 |s 09043 | ||
| 085 | |8 1\u |z 1 |s 09044 | ||
| 085 | |8 1\u |z 2 |s 4371 | ||
| 100 | 1 | |a Franzen, K. Erik | |
| 245 | 0 | 0 | |a Zwangsmigration und Integration der Sudetendeutschen im Überblick |
| 264 | 0 | |c 2004 | |
| 773 | 0 | 8 | |i In |t Frankenland |d Würzburg : Frankenbund, 1914- |h 24 cm |x 0015-9905 |g Band 56 (2004), Seite 1-8 |w (DE-603)047701935 |w (DE-600)507506-3 |
| 856 | 4 | 2 | |u http://frankenland.franconica.uni-wuerzburg.de/login/data/2004%5F0.pdf#view=FitBV |3 zusätzliche Angaben |
| 924 | 0 | |9 2080 |a (DE-603)788646605 |b DE-2080 |c HES |d d |g / | |


